<?xml version="1.0" encoding="UTF-8"?>
<record
    xmlns:xsi="http://www.w3.org/2001/XMLSchema-instance"
    xsi:schemaLocation="http://www.loc.gov/MARC21/slim http://www.loc.gov/standards/marcxml/schema/MARC21slim.xsd"
    xmlns="http://www.loc.gov/MARC21/slim">

  <leader>01211nam a22001337a 4500</leader>
  <datafield tag="999" ind1=" " ind2=" ">
    <subfield code="c">533799</subfield>
    <subfield code="d">533799</subfield>
  </datafield>
  <controlfield tag="008">260624b           ||||| |||| 00| 0 eng d</controlfield>
  <datafield tag="100" ind1=" " ind2=" ">
    <subfield code="a">Singh, Asha  and Donald, Nidhin</subfield>
    <subfield code="9">61327</subfield>
  </datafield>
  <datafield tag="245" ind1=" " ind2=" ">
    <subfield code="a">Caste as a perilous promise? : Thinking with and beyond the Bihar caste survey/Census</subfield>
  </datafield>
  <datafield tag="260" ind1=" " ind2=" ">
    <subfield code="a">Economic &amp; Political Weekly </subfield>
  </datafield>
  <datafield tag="300" ind1=" " ind2=" ">
    <subfield code="a">61(23), Jun 6, 2026: p.65-74</subfield>
  </datafield>
  <datafield tag="520" ind1=" " ind2=" ">
    <subfield code="a">Notwithstanding its serious gender blindness and other limitations, the Bihar caste survey report achieves two seemingly contradictory feats: one, it vindicates caste as a socially-intelligible category in Bihar, which captures certain aspects of under-representation and maldistribution; two, it questions the analytical and political purchase of caste and caste-funnelled governance by exposing the massive substratum of the Bihari &#x201C;underclass&#x201D; across castes. The survey alludes to the fact that caste does not stand by itself. Its workings are visible within the complex folds of material conditions. In other words, it brings out the tenacious &#x201C;class character of caste.&#x201D;- Reproduced 

https://www.epw.in/journal/special-articles/caste-perilous-promise.html
</subfield>
  </datafield>
  <datafield tag="773" ind1=" " ind2=" ">
    <subfield code="a">Economic &amp; Political Weekly </subfield>
  </datafield>
  <datafield tag="942" ind1=" " ind2=" ">
    <subfield code="c">AR</subfield>
  </datafield>
  <datafield tag="952" ind1=" " ind2=" ">
    <subfield code="0">0</subfield>
    <subfield code="1">0</subfield>
    <subfield code="2">ddc</subfield>
    <subfield code="4">0</subfield>
    <subfield code="7">0</subfield>
    <subfield code="9">408979</subfield>
    <subfield code="a">IIPA</subfield>
    <subfield code="b">IIPA</subfield>
    <subfield code="d">2026-06-24</subfield>
    <subfield code="h">61(23), Jun 6, 2026: p.65-74</subfield>
    <subfield code="p">AR139261</subfield>
    <subfield code="r">2026-06-24</subfield>
    <subfield code="y">AR</subfield>
  </datafield>
</record>
